| 000 | 00681nam a2200193 i 4500 | ||
|---|---|---|---|
| 001 | 7767 | ||
| 003 | ES-MaACL | ||
| 005 | 20230906145316.0 | ||
| 008 | 910502s1990 sp ||||1| spa d | ||
| 020 | _a84-7483-661-1 | ||
| 080 | _a7.025.4(46) | ||
| 245 | 0 | 0 |
_aIntervenciones en el patrimonio arquitectónico _b: (1980-1985). |
| 260 |
_a[Madrid] : _bInstituto de Conservación y Restauración de Bienes Culturales, _c[1990] |
||
| 300 |
_a465 p. : _bil. ; _c30 cm. |
||
| 500 | _aÍndices. | ||
| 650 | 1 | 4 |
_aArquitectura- _xRestauración. _9142939 |
| 710 | 2 |
_aInstituto de Conservación y Restauración de Bienes Culturales (España) _94845 |
|
| 852 |
_aES-MaACL _jC-10862 _z- Enc. tela |
||
| 999 |
_c7767 _d7767 |
||